000 00701nam a2200205Ia 4500
001 15000
003 GE_BSU
008 181216s||||||||xx |||||||||||||| ||und||
040 _cGE_BSU
080 _a517.3
100 _aБурбаки,Н.
245 _aИнтегрирование. Векторное интегрирование мера Хара. Свертка и преставления
245 _cПод.ред.Д.А.Райкова и С.Б. Стечкина
260 _aМосква
260 _bНаука
260 _c1970
300 _a320стр.22см.
653 _aИнтегрирование. Векторное интегрирование мера Хара
942 _cBK
999 _c48119
_d48119